000 00733nam a2200205Ia 4500
003 GCL
008 140319s9999 xx 000 0 ara d
040 _aGCL /
_cGCL
082 0 4 _a189.3
_bم ا
245 1 0 _aابوحامد الغزالى :
_bفى الذكرى المئوية التاسعة لميلاده
260 _aالقاهرة :
_bالمجلس الاعلى لرعاية الفنون والاداب ،
_c1961
300 _a864 ص ؛
_c24 سم
490 _aمهرجان الغزالى فى دمشق
_v0
650 0 4 _aالفلسفة الاسلامية
650 0 4 _aالاسلام
650 0 4 _aالشريعة الاسلامية
650 0 4 _aالفقه الاسلامى
650 0 4 _aالغزالى
942 _2ddc
_cBK
999 _c42278
_d42278